[Event "AUTO-INT-3648"]
[Site "http://www.queenalice.com/game.php?id=1645941"]
[Date "2021.3.7"]
[Round "1"]
[White "APSHOOTER"]
[Black "black13"]
[Result "1-0"]
[WhiteElo "1507"]
[BlackElo "1533"]

1. e4 e5 2. Bc4 Nf6 3. d3 Bc5 4. h3 d6 5. Nf3 h6 6. Nc3 Bb4 7. Bd2 a6 8. Nd5
Bxd2+ 9. Qxd2 c6 10. Nxf6+ Qxf6 11. O-O-O O-O 12. Qe3 Nd7 13. Nd2 Nc5 14. f3 Be6
15. g4 Bxc4 16. dxc4 b5 17. a3 Qe6 18. Kb1 bxc4 19. c3 Rab8 20. Kc2 Qd7 21. Nxc4
Rfd8 22. Rxd6 Qb7 23. Rxd8+ Rxd8 24. Qxc5 f6 25. Nd6 Qd7 26. Rd1 Qc7 27. Nf5 Re8
28. Rd6 Rc8 29. Qc4+ Qf7 30. Ne7+ Kf8 31. Qxf7+ Kxf7 32. Nxc8 1-0

[Event "AUTO-INT-3648"]
[Site "http://www.queenalice.com/game.php?id=1645942"]
[Date "2021.3.7"]
[Round "1"]
[White "black13"]
[Black "APSHOOTER"]
[Result "1-0"]
[WhiteElo "1533"]
[BlackElo "1543"]

1. e4 e5 2. Nf3 d6 3. h3 a6 4. Nc3 h6 5. Bc4 Nf6 6. d3 Nc6 7. O-O Be6 8. Bxe6
fxe6 9. Be3 d5 10. exd5 exd5 11. d4 e4 12. Nd2 Qd7 13. Nb3 g5 14. Nc5 Bxc5 15.
dxc5 O-O-O 16. Bd4 Qf5 17. Bxf6 Qxf6 18. Nxd5 Qe6 19. Qg4 Qxg4 20. hxg4 Rxd5 21.
Rae1 Rxc5 22. c3 Re8 23. Re3 Ne5 24. Rxe4 Rc4 25. Rxc4 Nd3 26. b3 b5 27. Rc6 Kb7
28. Rxh6 Re1 29. Rxe1 Nxe1 30. Rg6 Nd3 31. Rxg5 Kb6 32. Rd5 Nc5 33. g5 1-0

[Event "AUTO-INT-3648"]
[Site "http://www.queenalice.com/game.php?id=1645949"]
[Date "2021.3.7"]
[Round "1"]
[White "black13"]
[Black "Prosperidade"]
[Result "0-1"]
[WhiteElo "1521"]
[BlackElo "1679"]

1. e4 e5 2. Nf3 d6 3. Bc4 h6 4. Nc3 a6 5. O-O c5 6. a3 Nf6 7. h3 Nc6 8. d3 Be7
9. Re1 O-O 10. Be3 Nd4 11. Bxd4 cxd4 12. Nd5 b5 13. Nxf6+ Bxf6 14. Bd5 Rb8 15.
Qd2 Bb7 16. Bxb7 Rxb7 17. c3 dxc3 18. bxc3 Rc7 19. Rec1 Qd7 20. c4 Rfc8 21. Ne1
bxc4 22. dxc4 Rxc4 23. Rd1 Be7 24. Rdc1 Bg5 25. Qd1 Bxc1 26. Nd3 Bg5 27. Nxe5
Qe7 28. Nxc4 Rxc4 29. f3 Bf6 30. Ra2 Be5 31. Qd5 Rc1+ 32. Kf2 Qh4+ 33. Ke3 Qe1+
34. Kd3 Rc3# 0-1

[Event "AUTO-INT-3648"]
[Site "http://www.queenalice.com/game.php?id=1645950"]
[Date "2021.3.7"]
[Round "1"]
[White "Prosperidade"]
[Black "black13"]
[Result "1-0"]
[WhiteElo "1668"]
[BlackElo "1532"]

1. d4 d5 2. c4 e6 3. cxd5 exd5 4. a3 Nc6 5. Nf3 Bg4 6. e3 Qf6 7. Nbd2 Bd6 8. Be2
Nge7 9. h3 Bh5 10. b4 a6 11. O-O O-O 12. Bb2 Rfe8 13. Rc1 b5 14. Qc2 Qf5 15.
Qxf5 Nxf5 16. g4 Ng3 17. fxg3 Bg6 18. Kg2 Rxe3 19. Bd1 Rae8 20. Rxc6 Be4 21.
Nxe4 R3xe4 22. Rc2 Re3 23. Kf2 R8e6 24. Bc1 h6 25. Bxe3 Bxg3+ 26. Kxg3 Rxe3 27.
Rxc7 Rxa3 28. Re1 Ra1 29. Rc8+ Kh7 30. Bc2+ g6 31. Rxa1 1-0

[Event "Challenge"]
[Site "http://www.queenalice.com/game.php?id=1647591"]
[Date "2021.3.23"]
[Round "-"]
[White "zmanomega"]
[Black "black13"]
[Result "1-0"]
[WhiteElo "1657"]
[BlackElo "1543"]

1. e4 e5 2. d4 d6 3. Bc4 h6 4. c3 Be7 5. Qf3 Nf6 6. Qg3 O-O 7. dxe5 dxe5 8. Bxh6
Nh5 9. Qxe5 Nf6 10. Bg5 Qd6 11. Qxd6 cxd6 12. Nf3 Re8 13. Nbd2 Nh7 14. Be3 Nf6
15. Ng5 Rf8 16. Bxf7+ Rxf7 17. Nxf7 Kxf7 18. f3 b6 19. O-O-O Ba6 20. c4 Nc6 21.
b3 Nb4 22. a3 Nd3+ 23. Kc2 Ne5 24. g4 Rc8 25. Bd4 Nc6 26. Bc3 g5 27. h4 Nh7 28.
Rdf1 b5 29. f4 gxh4 30. g5 Kg6 31. Rxh4 Bf8 32. cxb5 Bxb5 33. Rg1 Re8 34. f5+
Kf7 35. g6+ Kg8 36. Rxh7 Ne5 37. a4 Bd3+ 38. Kb2 Bg7 39. Ka3 Nc4+ 40. Nxc4 Bxc3
41. Rgh1 Bxc4 42. bxc4 Rxe4 43. Rxa7 Rxc4 44. Ra8+ Kg7 45. Rh7+ Kf6 46. Rb8 Kxf5
47. g7 Bxg7 48. Rxg7 d5 49. Re8 d4 50. Re1 d3 51. Kb3 Rc6 52. Rd7 Rb6+ 53. Kc3
Re6 54. Rxe6 Kxe6 55. Rxd3 Ke5 56. a5 Ke4 57. a6 1-0

[Event "AUTO-INT-3660"]
[Site "http://www.queenalice.com/game.php?id=1649821"]
[Date "2021.4.16"]
[Round "1"]
[White "jsiebel"]
[Black "black13"]
[Result "1-0"]
[WhiteElo "1473"]
[BlackElo "1564"]

1. e4 e5 2. Nf3 d6 3. d4 Bg4 4. dxe5 dxe5 5. Qxd8+ Kxd8 6. Nxe5 Be6 7. Be2 Nf6
8. Nc3 Bd6 9. f4 Bxe5 10. fxe5 Nfd7 11. Bf4 h6 12. O-O-O a6 13. h4 Nc6 14. Nd5
Bxd5 15. exd5 Ncb8 16. e6 Re8 17. Bg4 Nf6 18. exf7 Rf8 19. d6 c6 20. Be6 Nbd7
21. a4 Nc5 22. Rhe1 Nxe6 23. Rxe6 Nd5 24. Re7 Nxe7 25. dxe7+ Kxe7 26. Rd6 Kxf7
27. Rd7+ Kg8 28. Be5 Rf1+ 29. Kd2 Raf8 30. Rxg7+ Kh8 31. h5 Rg8 32. Rf7+ Rg7 33.
Bxg7+ Kg8 34. Rxf1 Kxg7 35. g4 a5 36. Rf5 b6 37. g5 hxg5 38. Rxg5+ Kh6 39. Re5
Kh7 40. c4 Kh6 41. c5 bxc5 42. Rxc5 Kg7 43. Rxa5 Kh6 44. b4 1-0

[Event "AUTO-INT-3660"]
[Site "http://www.queenalice.com/game.php?id=1649822"]
[Date "2021.4.16"]
[Round "1"]
[White "black13"]
[Black "jsiebel"]
[Result "0-1"]
[WhiteElo "1548"]
[BlackElo "1448"]

1. e4 e5 2. Nf3 Nc6 3. Bb5 d5 4. Bxc6+ bxc6 5. d3 dxe4 6. dxe4 Qxd1+ 7. Kxd1 f6
8. a3 c5 9. Nc3 c4 10. Be3 Be6 11. Nb5 O-O-O+ 12. Bd2 Bc5 13. Ke2 a6 14. Nc3 h5
15. Be3 Bxe3 16. Kxe3 g5 17. h3 g4 18. hxg4 Bxg4 19. Nh2 f5 20. Nxg4 fxg4 21. g3
Nf6 22. Rad1 Rxd1 23. Rxd1 c5 24. Nd5 Nxd5+ 25. Rxd5 h4 26. Rxc5+ Kd7 27. Rxe5
h3 28. Rd5+ Kc6 29. Rd1 a5 30. Rd4 h2 31. Rd1 h1=Q 32. Rxh1 Rxh1 33. Kf4 Rb1 34.
Kxg4 Rxb2 35. Kf3 Rxc2 36. g4 c3 37. Ke3 Rd2 38. g5 Rd8 39. g6 c2 0-1

[Event "AUTO-INT-3660"]
[Site "http://www.queenalice.com/game.php?id=1649837"]
[Date "2021.4.16"]
[Round "1"]
[White "Carlos19"]
[Black "black13"]
[Result "1-0"]
[WhiteElo "1484"]
[BlackElo "1560"]

1. e4 e5 2. Nf3 d6 3. Bc4 h6 4. h3 Nf6 5. d3 a6 6. Nc3 b5 7. Bb3 Qe7 8. Nd5 Nxd5
9. Bxd5 Ra7 10. b4 Be6 11. Bxe6 Qxe6 12. O-O Nc6 13. a4 bxa4 14. Rxa4 Qd7 15. c4
Be7 16. Be3 Ra8 17. b5 Nb8 18. d4 a5 19. dxe5 Qe6 20. Qd5 Qxd5 21. exd5 dxe5 22.
Nxe5 Bd6 23. Bf4 f6 24. Ng6 Rg8 25. Bxd6 cxd6 26. b6 Kf7 27. Nf4 Re8 28. Rb1 Re4
29. b7 Ra7 30. g3 Re7 31. g4 Rexb7 32. Rxb7+ Rxb7 33. Rxa5 Rb4 34. c5 dxc5 35.
Rxc5 Rxf4 36. Rc7+ Kg6 37. Kg2 Rd4 38. Rb7 Na6 39. Rb6 Nc5 40. d6 Nd7 41. Ra6
Nb8 42. Rb6 Nd7 43. Rb7 Rxd6 44. h4 f5 45. gxf5+ Kxf5 46. Rb5+ Kf6 47. f4 g6 48.
h5 gxh5 49. Rxh5 Kg6 50. Rh4 Nf6 51. Kg3 Rd4 52. f5+ Kxf5 53. Rxd4 Nh5+ 54. Kh4
Nf6 55. Rd6 Kg6 56. Ra6 h5 57. Kh3 Kf5 58. Kg3 Ne4+ 59. Kf3 Ng5+ 60. Kg3 Ne4+
61. Kh4 Nf6 62. Ra8 Kf4 63. Rf8 Kf5 64. Rf7 Kg6 65. Ra7 Kf5 66. Rg7 Kf4 67. Rf7
Kf5 68. Rf8 Kg6 69. Kg3 Kg5 70. Kh3 Kg6 71. Kh4 Kf5 72. Ra8 Kg6 73. Ra6 Kf5 74.
Rb6 Kg6 75. Rc6 Kf5 76. Kg3 Kg5 77. Kh3 Kf5 78. Kh4 Kg6 79. Kg3 1-0

[Event "AUTO-INT-3660"]
[Site "http://www.queenalice.com/game.php?id=1649838"]
[Date "2021.4.16"]
[Round "1"]
[White "black13"]
[Black "Carlos19"]
[Result "1-0"]
[WhiteElo "1511"]
[BlackElo "1615"]

1. e4 e5 2. Nf3 Nc6 3. Bb5 a6 4. Bxc6 dxc6 5. d3 Nf6 6. Nxe5 Qd4 7. Nf3 Qb6 8.
h3 Bc5 9. O-O Nh5 10. Kh1 O-O 11. d4 Be7 12. Nc3 Rd8 13. b3 h6 14. Ne5 Be6 15.
Be3 Bd6 16. d5 c5 17. dxe6 Bxe5 18. exf7+ Kxf7 19. Qxh5+ Kg8 20. Qxe5 Qf6 21.
Qxf6 gxf6 22. Bxh6 Kh7 23. Bf4 c6 24. Rad1 Re8 25. f3 b5 26. Rfe1 b4 27. Na4 a5
28. Nxc5 Kg6 29. Rd6 Rac8 30. Na4 c5 31. Rd5 c4 32. Nb6 Rc6 33. Nxc4 f5 34.
exf5+ 1-0

[Event "AUTO-INT-3660"]
[Site "http://www.queenalice.com/game.php?id=1649849"]
[Date "2021.4.16"]
[Round "1"]
[White "black13"]
[Black "Boltonben"]
[Result "0-1"]
[WhiteElo "1532"]
[BlackElo "1383"]

1. e4 e6 2. d4 d5 3. e5 c5 4. Be3 Nc6 5. dxc5 d4 6. Bf4 Bxc5 7. c3 Nge7 8. c4
Nf5 9. Bd3 O-O 10. Bxf5 exf5 11. Nd2 Re8 12. Ngf3 f6 13. O-O fxe5 14. Nxe5 Nxe5
15. Re1 Ng6 16. Rxe8+ Qxe8 17. Bg3 b6 18. Nf3 Qe4 19. Qe1 Bb7 20. Qxe4 Bxe4 21.
Nd2 Re8 22. Re1 Bb4 23. Rd1 Bc2 24. Rc1 Bxd2 25. Rxc2 Re1# 0-1

[Event "AUTO-INT-3660"]
[Site "http://www.queenalice.com/game.php?id=1649850"]
[Date "2021.4.16"]
[Round "1"]
[White "Boltonben"]
[Black "black13"]
[Result "1-0"]
[WhiteElo "1503"]
[BlackElo "1511"]

1. e4 e5 2. Nf3 d6 3. Bc4 h6 4. c3 Nf6 5. d3 a6 6. b4 Qe7 7. O-O Nc6 8. Be3 b5
9. Bb3 Be6 10. d4 exd4 11. Bxd4 Bxb3 12. Qxb3 Nxd4 13. cxd4 Qxe4 14. Re1 Be7 15.
Rxe4 d5 16. Re1 c6 17. Nbd2 Ra7 18. a3 O-O 19. Ne5 Rc7 20. Ndf3 Bd6 21. Rac1
Bxe5 22. Nxe5 Re8 23. Qc3 Ne4 24. Qf3 Ng5 25. Qh5 Re6 26. Kf1 f6 27. Nd3 Rce7
28. Nf4 Re4 29. Rxe4 Nxe4 30. f3 Nd6 31. Rxc6 Nc4 32. Rc8+ Kh7 33. Qg6# 1-0

[Event "Challenge"]
[Site "http://www.queenalice.com/game.php?id=1649867"]
[Date "2021.4.16"]
[Round "-"]
[White "black13"]
[Black "crisvolei"]
[Result "1-0"]
[WhiteElo "1547"]
[BlackElo "1577"]

1. e4 e5 2. Nf3 f6 3. Nc3 c6 4. Bc4 b5 5. Bb3 a5 6. Bxg8 Rxg8 7. d3 Qb6 8. Be3
Bc5 9. Bxc5 Qxc5 10. O-O g5 11. h3 g4 12. hxg4 Rxg4 13. Nd2 Rg3 14. Qh5+ Kd8 15.
Qh4 Rg5 16. Qxh7 Ba6 17. Qh8+ Kc7 18. Qxf6 Rh5 19. Nb3 Qb6 20. Qg6 Rh8 21. Qf6
Rg8 22. Qxe5+ d6 23. Qd4 Nd7 24. Qxb6+ Nxb6 25. f3 Na4 26. Nxa4 bxa4 27. Nxa5 c5
28. a3 c4 29. Nxc4 Bxc4 30. dxc4 Kc6 31. Rad1 Rab8 32. Rb1 Rg7 33. b3 Rbg8 34.
g4 Kc5 35. bxa4 Kxc4 36. Rfd1 Rd8 37. Rb4+ Kc3 38. Rd3+ Kxc2 39. Rbd4 Rgd7 40.
Rd2+ Kb3 41. R2d3+ Ka2 42. a5 Rb8 43. Rb4 Rc8 44. a4 Rc1+ 45. Kf2 Rc2+ 46. Ke3
Rc5 47. Rb5 Rxb5 48. axb5 Kb2 49. b6 d5 50. Rxd5 Rh7 51. a6 Kc3 52. b7 Kc4 53.
Rd4+ Kc5 54. b8=Q Kc6 55. a7 Rxa7 56. Qxa7 Kb5 57. Qc7 Ka6 58. Qb8 1-0

[Event "Challenge"]
[Site "http://www.queenalice.com/game.php?id=1649868"]
[Date "2021.4.16"]
[Round "-"]
[White "crisvolei"]
[Black "black13"]
[Result "0-1"]
[WhiteElo "1596"]
[BlackElo "1528"]

1. e4 e5 2. d4 exd4 3. Qxd4 Nc6 4. Qc4 Nf6 5. Bf4 Be7 6. e5 Ng8 7. Nc3 d6 8.
O-O-O Be6 9. Nd5 dxe5 10. Nf6+ Nxf6 11. Rxd8+ Rxd8 12. Qa4 exf4 13. Bb5 Bd7 14.
Nf3 a6 15. Be2 Bd6 16. Re1 O-O 17. Ng5 Ne5 18. Qd4 Nc6 19. Qd2 h6 20. Nf3 Bg4
21. h3 Bxf3 22. Bxf3 Bb4 23. Qxd8 Rxd8 24. Rd1 Bc5 25. g4 Rxd1+ 26. Bxd1 Bxf2
27. c3 Nd5 28. Bb3 Nde7 29. a4 Bg3 30. Kd2 f3 31. Bc4 f2 32. b4 Ne5 33. Bf1 Nf3+
34. Ke3 Nh2 35. Ke2 Nd5 36. Bg2 Nf4+ 37. Ke3 Nxg2+ 38. Ke2 f1=Q+ 39. Kd2 Qe1+
40. Kd3 Nf4+ 41. Kc4 Qf1+ 42. Kb3 Qxh3 43. g5 hxg5 44. b5 axb5 45. axb5 Qe6+ 46.
c4 Bf2 47. Kb4 g4 48. c5 g3 49. c6 b6 50. Ka4 Qc4+ 51. Ka3 g2 52. Kb2 g1=Q 53.
Ka3 Qxb5 0-1

[Event "AUTO-INT-3673"]
[Site "http://www.queenalice.com/game.php?id=1760272"]
[Date "2021.5.23"]
[Round "1"]
[White "Erlofabr"]
[Black "black13"]
[Result "1-0"]
[WhiteElo "1588"]
[BlackElo "1575"]

1. e4 e5 2. Bc4 d6 3. d4 exd4 4. Nf3 Bg4 5. Qxd4 Bxf3 6. gxf3 Nc6 7. Qd5 Qd7 8.
e5 dxe5 9. Qxd7+ Kxd7 10. Bxf7 Bd6 11. Bg5 Rf8 12. Bh5 Kc8 13. O-O Nd4 14. Nd2
Nxc2 15. Rac1 Nb4 16. Nc4 Kb8 17. a3 Nd3 18. Rc2 g6 19. Bg4 h6 20. Be3 h5 21.
Be6 Rxf3 22. Rc3 e4 23. Nxd6 Ne7 24. Nxe4 Nxb2 25. Rb1 Na4 26. Rcb3 b6 27. Kg2
Rhf8 28. Rb4 Nc3 29. Nxc3 R3f6 30. Re4 Re8 31. Bd7 Rff8 32. Bxe8 Rxe8 33. Bg5
Kc8 34. Bxe7 Kd7 35. Rd1+ Kc8 36. Nd5 Kd7 37. Nf6+ Kc8 38. Nxe8 1-0

[Event "AUTO-INT-3673"]
[Site "http://www.queenalice.com/game.php?id=1760273"]
[Date "2021.5.23"]
[Round "1"]
[White "black13"]
[Black "Erlofabr"]
[Result "1-0"]
[WhiteElo "1543"]
[BlackElo "1590"]

1. e4 e5 2. Nf3 f5 3. d3 d5 4. exf5 Bxf5 5. Nxe5 Qf6 6. Qe2 Bd6 7. Ng4+ Qe6 8.
Qxe6+ Ne7 9. Qe2 Nc6 10. Bg5 Nd4 11. Qd2 Ng6 12. Qe3+ Be5 13. Nxe5 Nxc2+ 14. Kd2
Nxe3 15. Nxg6 Nxf1+ 16. Rxf1 Bxg6 17. Re1+ Kf7 18. Re7+ Kf8 19. Rxc7 h6 20. Nc3
hxg5 21. Rxb7 Rxh2 22. Rg1 d4 23. Nb5 a6 24. Nxd4 Rh4 25. Ne6+ Ke8 26. Nc7+ Kd8
27. Nxa8 Rd4 28. Rb3 a5 29. Nb6 a4 30. Rc3 Bf5 31. Rh1 Rb4 32. Rh8+ Ke7 33. Nd5+
Kf7 34. Nxb4 g4 35. g3 g5 36. Rc5 Kg7 37. Ra8 Kf6 38. Ra6+ Be6 39. Rcc6 a3 40.
Rxe6+ Kf7 41. bxa3 1-0

[Event "AUTO-INT-3673"]
[Site "http://www.queenalice.com/game.php?id=1760288"]
[Date "2021.5.23"]
[Round "1"]
[White "black13"]
[Black "mvson33"]
[Result "1-0"]
[WhiteElo "1515"]
[BlackElo "1805"]

1. e4 d5 2. e5 e6 3. d4 c5 4. c3 Bd7 5. Nf3 cxd4 6. cxd4 Nc6 7. Bb5 Qa5+ 8. Nc3
Bb4 9. Bxc6 Bxc6 10. Qc2 Rc8 11. Bd2 Qc7 12. a3 Ba5 13. b4 Bb6 14. O-O Ne7 15.
a4 a6 16. b5 axb5 17. axb5 Bd7 18. Bg5 O-O 19. Bxe7 Rfe8 20. Bb4 Qc4 21. Qb2
Bxd4 22. Nxd4 Qxd4 23. Rfc1 Qxe5 24. Ra7 Bxb5 25. Rxb7 Bc4 26. Ba3 Rb8 27. Rxb8
Rxb8 28. Qc2 Rb3 29. Bb2 Qb8 30. Rb1 g6 31. Bc1 Rxb1 32. Qxb1 Qe5 33. Bh6 Kh8
34. Nxd5 Bxd5 35. h3 Kg8 36. Qb6 f5 37. Qd8+ 1-0

[Event "AUTO-INT-3673"]
[Site "http://www.queenalice.com/game.php?id=1760290"]
[Date "2021.5.23"]
[Round "1"]
[White "black13"]
[Black "profeta"]
[Result "0-1"]
[WhiteElo "1532"]
[BlackElo "1495"]

1. d4 e5 2. dxe5 Nc6 3. Nf3 Nh6 4. Bxh6 gxh6 5. a3 f6 6. exf6 Qxf6 7. Nc3 d6 8.
Nd5 Qf7 9. e4 Be6 10. Bc4 Na5 11. Nxc7+ Qxc7 12. Bxe6 Bg7 13. c3 Nc4 14. Bxc4
Qxc4 15. Qxd6 Qxe4+ 16. Kf1 Qc2 17. Qe6+ Kd8 18. Qd6+ Kc8 19. Qe6+ Kd8 20. Rd1+
Qxd1+ 21. Ne1 Re8 22. Qf7 Bh8 23. g3 Rxe1+ 24. Kg2 Rxh1 25. Qxh7 Rc8 26. Qxh8+
Kc7 27. Qe5+ Kb6 28. Qe6+ Rc6 29. Qe3+ Ka6 30. Qd4 Qg1+ 31. Kf3 Rxh2 32. Qd3+ b5
33. Qd4 Qg2+ 34. Ke3 Qxf2+ 35. Ke4 Qxd4+ 36. Kxd4 Rd2+ 37. Ke3 Rxb2 38. Kd4 Rc4+
39. Kd3 Rg2 0-1

[Event "AUTO-INT-3673"]
[Site "http://www.queenalice.com/game.php?id=1760291"]
[Date "2021.5.23"]
[Round "1"]
[White "profeta"]
[Black "black13"]
[Result "0-1"]
[WhiteElo "1510"]
[BlackElo "1561"]

1. e4 e5 2. d4 exd4 3. Qxd4 Nc6 4. Qd1 Qe7 5. Nc3 a6 6. Nf3 d6 7. Nd5 Qxe4+ 8.
Qe2 Qxe2+ 9. Bxe2 Kd8 10. O-O h6 11. h3 Be6 12. Rd1 Bxd5 13. Rxd5 Nb4 14. Rd1
Nxc2 15. Rb1 Nb4 16. Bd2 Nc6 17. Bc3 Nge7 18. b4 Ng6 19. Nd4 Nxd4 20. Rxd4 Be7
21. Rd3 f6 22. g4 Nf4 23. Re3 Nxe2+ 24. Rxe2 Re8 25. a4 Kd7 26. f4 b6 27. a5 b5
28. f5 Rad8 29. Re6 Bf8 30. Rxe8 Rxe8 31. Kf2 Re4 32. Re1 Rxe1 33. Kxe1 c5 34.
h4 d5 35. bxc5 Bxc5 36. Kd2 d4 37. Bb2 Kd6 38. Kd3 Kd5 39. g5 Ke5 40. gxf6 Kxf6
41. Ke4 h5 42. Bxd4+ Bxd4 43. Kxd4 Kxf5 44. Kc5 Kg4 45. Kb6 Kxh4 46. Kxa6 b4 47.
Kb5 b3 48. a6 b2 49. a7 b1=Q+ 50. Ka6 Qa1+ 51. Kb7 g5 52. a8=Q Qxa8+ 53. Kxa8 g4
54. Kb7 g3 55. Kc6 g2 56. Kd5 g1=Q 57. Ke4 Kg4 58. Kd3 h4 59. Ke2 h3 0-1

[Event "AUTO-INT-3703"]
[Site "http://www.queenalice.com/game.php?id=1770400"]
[Date "2021.9.20"]
[Round "1"]
[White "black13"]
[Black "DAlessandro"]
[Result "1-0"]
[WhiteElo "1541"]
[BlackElo "1470"]

1. e4 c5 2. Nf3 d6 3. Bc4 e6 4. d3 Nf6 5. Nc3 Bd7 6. O-O Be7 7. Re1 a6 8. h3 O-O
9. e5 dxe5 10. a3 Nc6 11. Nxe5 Nxe5 12. Ba2 Rc8 13. Rxe5 Qc7 14. Rg5 h6 15. Rg3
Nh5 16. Qxh5 f5 17. Qxh6 1-0

[Event "AUTO-INT-3703"]
[Site "http://www.queenalice.com/game.php?id=1770413"]
[Date "2021.9.20"]
[Round "1"]
[White "Tenor"]
[Black "black13"]
[Result "0-1"]
[WhiteElo "1582"]
[BlackElo "1554"]

1. e4 e5 2. Nf3 d6 3. Bc4 h6 4. O-O Nf6 5. Nc3 a6 6. d4 Bg4 7. d5 b5 8. Be2 Nbd7
9. b4 Be7 10. h3 Bh5 11. Nxb5 axb5 12. Bxb5 Nxe4 13. Bc6 Rb8 14. b5 O-O 15. a4
Bf6 16. a5 Ndc5 17. a6 Nc3 18. Qe1 Nxb5 19. a7 Nxa7 20. Rxa7 Bxf3 21. gxf3 Rb1
22. Qa5 Qb8 23. Rxc7 Bd8 24. Qa7 Bxc7 25. Qxb8 Rfxb8 26. Re1 R8b6 27. Kf1 R6b4
28. Bd7 Nxd7 0-1

[Event "AUTO-INT-3703"]
[Site "http://www.queenalice.com/game.php?id=1770414"]
[Date "2021.9.20"]
[Round "1"]
[White "black13"]
[Black "Tenor"]
[Result "0-1"]
[WhiteElo "1549"]
[BlackElo "1543"]

1. e4 Nc6 2. Nf3 e5 3. Bb5 Nge7 4. d3 a6 5. Bc4 b5 6. Bb3 Nd4 7. Nxe5 Nxb3 8.
axb3 d5 9. Qf3 f6 10. Ng4 Bb7 11. e5 f5 12. Ne3 c5 13. Nd1 Qb8 14. Qf4 d4 15.
O-O g6 16. Re1 Bg7 17. c3 O-O 18. cxd4 Nd5 19. Qh4 Nb4 20. Qh3 Nc2 21. dxc5 Bxe5
22. g3 Nxa1 23. Ne3 Nxb3 24. Nd2 Nxc1 25. Rxc1 Bxb2 26. Rc2 Bd4 27. Nb3 Bf6 28.
c6 Bc8 29. Qg2 Qd6 30. Rd2 Bd8 31. d4 Ra7 32. Qd5+ Be6 33. Qxd6 Bxb3 34. Qc5
Raf7 35. Qa7 Rxa7 36. f4 Rc7 37. d5 Re7 38. d6 Rxe3 39. c7 Bxc7 40. dxc7 Rc3 41.
Rd7 Rc8 42. Rd8+ Kg7 43. Rxc8 Be6 44. Ra8 Rxc7 45. Rxa6 Bc4 46. Ra5 b4 47. Ra4
b3 0-1

[Event "AUTO-INT-3703"]
[Site "http://www.queenalice.com/game.php?id=1770421"]
[Date "2021.9.20"]
[Round "1"]
[White "profeta"]
[Black "black13"]
[Result "1/2-1/2"]
[WhiteElo "1521"]
[BlackElo "1552"]

1. d4 d5 2. Nf3 Nc6 3. Nc3 Bg4 4. h3 Bxf3 5. exf3 e6 6. Bb5 Qd7 7. Bxc6 Qxc6 8.
a3 Nf6 9. Bg5 Be7 10. Bxf6 Bxf6 11. O-O Qc4 12. Qd3 Qxd3 13. cxd3 Bxd4 14. Nb5
Bb6 15. b4 O-O 16. Kh1 a6 17. Nc3 Bd4 18. Rac1 c6 19. Ne2 Bb2 20. Rb1 Bxa3 21.
Nc3 d4 22. Ne4 a5 23. bxa5 Rxa5 24. Rxb7 Rb5 25. Rxb5 cxb5 26. f4 f5 27. Ng5 Re8
28. g4 Bd6 29. gxf5 exf5 30. Rb1 Rb8 31. Ra1 Bxf4 32. Ne6 Bd2 33. Ra7 Bh6 34. f4
b4 35. h4 b3 36. Ra1 b2 37. Rb1 Rb4 38. Kg2 Kf7 39. Ng5+ Bxg5 40. hxg5 Rb3 41.
Kf2 Ke6 42. Ke2 Kd5 43. Kd2 g6 44. Kc2 Rb6 45. Rxb2 Rxb2+ 46. Kxb2 Kc5 47. Kb3
Kb5 48. Ka3 Kc5 49. Kb3 Kb5 50. Ka3 Ka5 51. Kb3 Kb5 1/2-1/2

[Event "AUTO-INT-3703"]
[Site "http://www.queenalice.com/game.php?id=1770422"]
[Date "2021.9.20"]
[Round "1"]
[White "black13"]
[Black "profeta"]
[Result "0-1"]
[WhiteElo "1571"]
[BlackElo "1496"]

1. e4 e5 2. Nf3 Nc6 3. Bb5 a6 4. Bxc6 dxc6 5. d3 f6 6. Nc3 Bb4 7. Bd2 Bg4 8. a3
Bxc3 9. Bxc3 Bxf3 10. Qxf3 g6 11. O-O h5 12. Qg3 g5 13. b4 h4 14. Qg4 Nh6 15.
Qe6+ Qe7 16. Qxe7+ Kxe7 17. h3 b6 18. a4 a5 19. bxa5 bxa5 20. Rab1 Nf7 21. Rb7
Rhc8 22. Rfb1 Nd6 23. R7b3 c5 24. Bd2 c4 25. Rc3 Rab8 26. Rxb8 Rxb8 27. dxc4
Nxe4 28. Rd3 Rb1+ 29. Kh2 Nxf2 30. g3 Nxd3 31. g4 Nf4 32. Bxf4 exf4 33. Kg2 Rb2
34. Kf3 Rxc2 0-1

[Event "Challenge"]
[Site "http://www.queenalice.com/game.php?id=1772255"]
[Date "2021.10.14"]
[Round "-"]
[White "cristal_negro"]
[Black "black13"]
[Result "1-0"]
[WhiteElo "1940"]
[BlackElo "1551"]

1. e4 e5 2. Nf3 d6 3. c3 Qf6 4. d3 Bg4 5. Be2 Ne7 6. Nbd2 Nbc6 7. O-O O-O-O 8.
a3 h6 9. Ne1 Qg6 10. Bxg4+ Kb8 11. Nc2 h5 12. Bf3 h4 13. h3 a6 14. Re1 Ng8 15.
Ne3 Nf6 16. Nf5 Ne7 17. Nxe7 Bxe7 18. Nf1 Nh5 19. Be3 Bg5 20. b4 Bxe3 21. fxe3
Nf6 22. Nh2 c5 23. Ng4 Nxg4 24. Bxg4 cxb4 25. Qb3 a5 26. axb4 axb4 27. Qxb4 f6
28. Rab1 Qf7 29. Be6 1-0